1274 1533 1914 1251 1008 1048 1508 1375 1826 1531 1181 1459 1194 1197 1445 1701 1957 1889 1122 1572 1766 1530 1021 1722 1126 1686 1127 1116 1020 1315 1929 1184 1250 1757 1213 1504 1950 1252 1940 1818 1227 1373 1648 1675 1804 1133 1006 1618 1391 1629 1704 1583 1168 1625 1809 1173 1945 1389 1037 1260 1054 1573 1712 1316 1566 1707 1079 1924 1123 1355 1990 1968 1075 1527 1421 1954 1181 1535 1718 1997 1798 1554 1992 1124 1025 1048 1008 1950 1373 1197 1263 1269 1678 1338 1657 1680 1036 1331 1712 BCNSPRNW ULIB Ver.6.0+V

เปลี่ยนเป็นภาษาไทย

Change to English
 แสดงรายละเอียดบรรณานุกรม
  กลับหน้าหลัก

Brief Record : Get Marc (ISO 2709) : E-mail record : QR code < ปิดหน้าต่าง
LEADER : 00000nam 2200000uu 4500
001    13399112048
003     ULIB
008    110627s2546||||th 000 0 tha d
099    วจ.WY18^bพ956ค
100 0  แพรวพรรณ แสงทองรุ่งเจริญ
245 00 ความพร้อมในการเรียนรู้ด้วยตนเองของนักศึกษาพยาบาล วิทยาลัยพยาบาล บรมราชชนนี สวรรค์ประชารักษ์/^cแพรวพรรณ แสงทองรุ่งเจริญ
260    นครสวรรค์ :^bวิทยาลัยพยาบาลบรมราชชนนี สวรรค์ประชารักษ์,^c2546
300    101 หน้า
650  7 พยาบาล^xการศึกษา^xวิจัย
650  7 วิทยาลัยพยาบาลบรมราชชนนี สวรรค์ประชารักษ์
945    ^p0^l0^i015239
995    ทศพร
999 ^a ใช้งานได้ทุกระบบ
รายการนี้ยังไม่มีแท็ก
คุณยังไม่ได้ล็อกอิน คุณสามารถมีกิจกรรมร่วมกับเว็บไซต์ได้ แต่ต้องล็อกอินก่อน ::
  ล็อกอิน

รายการสื่อสารสนเทศ

ลำดับที่ ประเภท เลขเรียก/บาร์โค้ด สถานที่ สถานะ
- ไม่พบข้อมูล -

รายการใกล้เคียง
    หัวเรื่อง [วิทยาลัยพยาบาลบรมราชชนนี สวรรค์ประชารักษ์]

BibComment


ยังไม่เคยถูกคอมเมนท์

คอมเมนท์ทรัพยากรรายการนี้
  คอมเมนท์: ความพร้อมในการเรี..


 Copyright 2026. Bcnsprnw @Library